[Event "2nd Oakham Young Masters"]
[Site "Oakham ENG"]
[Date "1986.04.02"]
[Round "1"]
[White "McDonald, Neil R."]
[Black "Klinger, Josef"]
[Result "1/2-1/2"]
[WhiteElo "2320"]
[BlackElo "2445"]
[EventDate "1986.04.02"]
[PlyCount "90"]
[Source "John Saunders"]

1.Nf3 Nf6 2.g3 d5 3.Bg2 c5 4.O-O Nc6 5.d3 e6 6.Nbd2 Be7 7.e4 O-O 8.e5 Nd7 
9.Re1 Qc7 10.Qe2 b6 11.c4 dxc4 12.Nxc4 b5 13.Ne3 Bb7 14.Ng4 h5 15.Nh6+ 
gxh6 16.Qe3 Nd4 17.Nxd4 cxd4 18.Qxh6 Bxg2 19.Qxh5 Bf3 20.Qxf3 Nxe5 21.Qh5 
Bd6 22.Bh6 Qc5 23.Rac1 Qd5 24.Qg5+ Ng6 25.Qxd5 exd5 26.Bxf8 Kxf8 27.Rc6 
Rd8 28.Kf1 Ne7 29.Rc2 a5 30.h4 b4 31.b3 Kg7 32.Ke2 Ra8 33.h5 Kh6 34.Rh1 a4
35.g4 axb3 36.axb3 Ra3 37.g5+ Kxg5 38.h6 Ra8 39.h7 Rh8 40.Ra2 Kg6 41.Ra6 
Nf5 42.Ra5 Rxh7 43.Rxh7 Kxh7 44.Rxd5 Kg6 45.Kf3 Be7 1/2-1/2

[Event "2nd Oakham Young Masters"]
[Site "Oakham ENG"]
[Date "1986.04.02"]
[Round "1"]
[White "Condie, Mark"]
[Black "Schulte, Oliver"]
[Result "1-0"]
[WhiteElo "2425"]
[BlackElo "2310"]
[EventDate "1986.04.02"]
[PlyCount "59"]
[Source "John Saunders"]

1.Nf3 Nf6 2.c4 c5 3.Nc3 Nc6 4.d4 cxd4 5.Nxd4 e6 6.g3 Qb6 7.Nb3 Ne5 8.e4 
Bb4 9.Qe2 a5 10.Bg2 a4 11.Nd2 h5 12.Nf3 Nxf3+ 13.Bxf3 d6 14.O-O h4 15.e5 
Nd7 16.Nd5 exd5 17.exd6+ Kf8 18.Qe7+ Kg8 19.Bxd5 Nf6 20.Qxf7+ Kh7 21.Be4+ 
Nxe4 22.Qh5+ Kg8 23.Qe8+ Kh7 24.Qxe4+ g6 25.Qe7+ Kg8 26.Qe8+ Kg7 27.d7 
hxg3 28.Qe5+ Kf7 29.Qxh8 Bxd7 30.Qh7+ 1-0

[Event "2nd Oakham Young Masters"]
[Site "Oakham ENG"]
[Date "1986.04.02"]
[Round "1"]
[White "Adams, Michael"]
[Black "Blatny, Pavel"]
[Result "0-1"]
[WhiteElo "2295"]
[BlackElo "2415"]
[EventDate "1986.04.02"]
[PlyCount "126"]
[Source "John Saunders"]

1.e4 e5 2.Nf3 Nc6 3.Bb5 a6 4.Ba4 Nf6 5.O-O Be7 6.Re1 b5 7.Bb3 O-O 8.a4 Bb7
9.d3 d6 10.Nc3 Na5 11.Ba2 b4 12.Ne2 Rb8 13.Ng3 c5 14.Nd2 Bc8 15.Nc4 Bg4 
16.f3 Be6 17.Nxa5 Qxa5 18.Bc4 Nd7 19.b3 Nb6 20.Rb1 Rbd8 21.Qe2 d5 22.exd5 
Nxd5 23.Bd2 f6 24.f4 Bd6 25.f5 Bf7 26.Qg4 Kh8 27.Re4 Qb6 28.Kh1 Qb7 29.
Rbe1 Rfe8 30.Qh4 Bf8 31.Nf1 Nb6 32.Bxf7 Qxf7 33.Be3 Nd5 34.Bg1 Nc3 35.Rc4 
Rd4 36.Bxd4 exd4 37.Rxc3 bxc3 38.Re4 Bd6 39.h3 Kg8 40.Nh2 Bxh2 41.Kxh2 
Qc7+ 42.Kg1 Re5 43.Qf4 Qe7 44.Kf2 Rxe4 45.dxe4 g5 46.fxg6 hxg6 47.Ke2 f5 
48.e5 Qb7 49.Qg5 Qe4+ 50.Kd1 Qc6 51.h4 f4 52.Qxf4 a5 53.Qg4 Kf7 54.Ke2 
Qa6+ 55.Kf2 Qe6 56.Qe4 Qf5+ 57.Qxf5+ gxf5 58.h5 d3 59.h6 dxc2 60.e6+ Kxe6 
61.h7 c1=Q 62.h8=Q Qd2+ 63.Kg3 Qe3+ 0-1

[Event "2nd Oakham Young Masters"]
[Site "Oakham ENG"]
[Date "1986.04.02"]
[Round "1"]
[White "Conquest, Stuart"]
[Black "Waddingham, Graham"]
[Result "1-0"]
[WhiteElo "2400"]
[BlackElo "2305"]
[EventDate "1986.04.02"]
[PlyCount "115"]
[Source "John Saunders"]

1.e4 e5 2.Nf3 Nc6 3.Bb5 a6 4.Ba4 Nf6 5.O-O Nxe4 6.d4 b5 7.Bb3 d5 8.dxe5 
Be6 9.Nbd2 Be7 10.Qe2 Nc5 11.c3 Bf5 12.Rd1 Qd7 13.Nd4 Bd3 14.Qe3 O-O 15.
N2f3 Be4 16.Qe2 Rfe8 17.Bf4 Nxb3 18.axb3 Nxd4 19.cxd4 Qg4 20.Bg3 f6 21.h3 
Qh5 22.Qe3 fxe5 23.Nxe5 c5 24.dxc5 Bg5 25.Qd4 Bf6 26.f4 Bxe5 27.fxe5 Qg5 
28.Kh2 Re6 29.Rf1 Rg6 30.Qf2 h5 31.h4 Qe7 32.b4 Rg4 33.Ra3 g5 34.Qf6 Qxf6 
35.exf6 Kf7 36.Rf2 gxh4 37.Be5 Bg6 38.c6 Re4 39.Bf4 Re6 40.c7 Rxf6 41.Be3 
Rxf2 42.Bxf2 Bf5 43.Bxh4 Ke8 44.Kg3 Kd7 45.Bd8 Bg4 46.Kf4 Kd6 47.Ra1 Ra7 
48.Rc1 Ra8 49.Re1 a5 50.bxa5 Kc5 51.Ke5 Kc4 52.b4 Kxb4 53.Kxd5 Kc3 54.Re3+
Kd2 55.Rb3 b4 56.Kc6 Ra6+ 57.Kb7 Rxa5 58.Rxb4 1-0

[Event "2nd Oakham Young Masters"]
[Site "Oakham ENG"]
[Date "1986.04.02"]
[Round "1"]
[White "Piket, Jeroen"]
[Black "Buckmire, Ron"]
[Result "0-1"]
[WhiteElo "2410"]
[BlackElo "2280"]
[EventDate "1986.04.02"]
[PlyCount "50"]
[Source "John Saunders"]

1.d4 Nf6 2.Nf3 c5 3.e3 e6 4.Bd3 d5 5.b3 Nc6 6.O-O Bd6 7.Bb2 a6 8.a3 b6 9.
Nbd2 Bb7 10.Qe2 O-O 11.c4 Bc7 12.Rfd1 Re8 13.Rac1 cxd4 14.exd4 Nd7 15.Ne5 
Ncxe5 16.dxe5 Nc5 17.Bc2 dxc4 18.Ne4 Qh4 19.Rd4 Bxe5 20.Nf6+ Qxf6 21.Bxh7+
Kxh7 22.Qh5+ Qh6 23.Qxe5 Nd3 24.Qg3 Nxc1 25.Rh4 Ne2+ 0-1

[Event "2nd Oakham Young Masters"]
[Site "Oakham ENG"]
[Date "1986.04.02"]
[Round "1"]
[White "Carr, Neil"]
[Black "Howell, James"]
[Result "1/2-1/2"]
[WhiteElo "2295"]
[BlackElo "2395"]
[EventDate "1986.04.02"]
[PlyCount "57"]
[Source "John Saunders"]

1.e4 c5 2.Nc3 Nc6 3.g3 g6 4.Bg2 Bg7 5.d3 d6 6.Be3 e6 7.Nge2 Nd4 8.Qd2 Qa5 
9.O-O Ne7 10.Nxd4 cxd4 11.Ne2 Qxd2 12.Bxd2 Nc6 13.c4 dxc3 14.Bxc3 Bxc3 15.
bxc3 e5 16.Rab1 b6 17.c4 Ke7 18.Nc3 Be6 19.f4 f6 20.Nd5+ Bxd5 21.exd5 Nd8 
22.fxe5 fxe5 23.d4 Rc8 24.dxe5 dxe5 25.Rbe1 Kd6 26.Rf6+ Ke7 27.Rff1 Kd6 
28.Rf6+ Ke7 29.Rff1 1/2-1/2

[Event "2nd Oakham Young Masters"]
[Site "Oakham ENG"]
[Date "1986.04.02"]
[Round "1"]
[White "Wells, Peter"]
[Black "Dawson, Craig"]
[Result "1/2-1/2"]
[WhiteElo "2400"]
[BlackElo "2275"]
[EventDate "1986.04.02"]
[PlyCount "69"]
[Source "John Saunders"]

1.d4 Nf6 2.c4 e6 3.Nc3 Bb4 4.e3 c5 5.Ne2 d5 6.a3 Bxc3+ 7.Nxc3 cxd4 8.exd4 
dxc4 9.Bxc4 Nc6 10.Be3 O-O 11.O-O h6 12.Ba2 Ne7 13.Bf4 b6 14.Be5 Ned5 15.
Qf3 Bb7 16.Bxf6 Qxf6 17.Bxd5 Bxd5 18.Qxf6 gxf6 19.Nxd5 exd5 20.Rfe1 Rfe8 
21.Kf1 Rxe1+ 22.Kxe1 Rc8 23.Kd2 Kg7 24.Re1 Rc7 25.b3 Kf8 26.Rc1 Rd7 27.Rc6
Ke7 28.Kd3 Rd6 29.Rc7+ Rd7 30.Rxd7+ Kxd7 31.b4 Ke6 32.Ke3 b5 33.Kf4 f5 34.
f3 Kf6 35.h4 1/2-1/2

[Event "2nd Oakham Young Masters"]
[Site "Oakham ENG"]
[Date "1986.04.02"]
[Round "1"]
[White "Burgess, Mark"]
[Black "Wolff, Patrick"]
[Result "1-0"]
[WhiteElo "2270"]
[BlackElo "2370"]
[EventDate "1986.04.02"]
[PlyCount "79"]
[Source "John Saunders"]

1.Nf3 Nf6 2.c4 g6 3.b4 Bg7 4.Bb2 O-O 5.g3 d6 6.Bg2 e5 7.O-O Nh5 8.Nc3 f5 
9.d3 a5 10.a3 Nd7 11.Nd2 c6 12.Nb3 axb4 13.axb4 Rxa1 14.Qxa1 Ndf6 15.b5 c5
16.Qa5 b6 17.Qa7 f4 18.Nd2 Bh6 19.Nde4 Nxe4 20.Nxe4 Bg4 21.Qb7 Nf6 22.Ra1 
Nxe4 23.Bxe4 fxg3 24.hxg3 Qf6 25.Bd5+ Kh8 26.f3 Bc8 27.Qc7 Qf5 28.Kf2 Qg5 
29.Bc1 Qh5 30.Bxh6 Qxh6 31.Rg1 g5 32.Qe7 Qh2+ 33.Rg2 Qh6 34.Kg1 Bh3 35.Rh2
g4 36.Kf2 Rf5 37.Rh1 gxf3 38.e3 e4 39.dxe4 Rh5 40.Qe8+ 1-0

[Event "2nd Oakham Young Masters"]
[Site "Oakham ENG"]
[Date "1986.04.02"]
[Round "1"]
[White "Arlandi, Ennio"]
[Black "Dunnington, Angus"]
[Result "1/2-1/2"]
[WhiteElo "2360"]
[BlackElo "2250"]
[EventDate "1986.04.02"]
[PlyCount "47"]
[Source "John Saunders"]

1.d4 Nf6 2.c4 d6 3.Nc3 Nbd7 4.e4 c6 5.Nf3 e5 6.Be3 Be7 7.h3 O-O 8.Be2 exd4
9.Nxd4 d5 10.exd5 cxd5 11.Nf3 dxc4 12.Bxc4 Qc7 13.Be2 Ne5 14.Nxe5 Qxe5 15.
Qd4 Qxd4 16.Bxd4 Be6 17.O-O Rfd8 18.Rfd1 Nd5 19.Nxd5 Bxd5 20.Bg4 h6 21.Be5
Bc6 22.Bc7 Rxd1+ 23.Rxd1 Bf6 24.b3 1/2-1/2

[Event "2nd Oakham Young Masters"]
[Site "Oakham ENG"]
[Date "1986.04.02"]
[Round "1"]
[White "Kuznecov, Alex"]
[Black "Pulkkinen, Kari"]
[Result "1/2-1/2"]
[WhiteElo "2350"]
[BlackElo "2245"]
[EventDate "1986.04.02"]
[PlyCount "39"]
[Source "John Saunders"]

1.e4 e5 2.Nf3 Nc6 3.Bb5 Bc5 4.O-O Nd4 5.Nxd4 Bxd4 6.c3 Bb6 7.d4 c6 8.Bc4 
d6 9.dxe5 dxe5 10.Qxd8+ Bxd8 11.Be3 Nf6 12.f3 Bb6 13.Kf2 Ke7 14.Nd2 Rd8 
15.Rfd1 Bxe3+ 16.Kxe3 Be6 17.Bxe6 Kxe6 18.Nc4 b6 19.Ke2 Ng8 20.Ne3 1/2-1/2

[Event "2nd Oakham Young Masters"]
[Site "Oakham ENG"]
[Date "1986.04.02"]
[Round "1"]
[White "Ludvigsen, Frode"]
[Black "Nikolic, Nebojsa"]
[Result "1/2-1/2"]
[WhiteElo "2235"]
[BlackElo "2350"]
[EventDate "1986.04.02"]
[PlyCount "48"]
[Source "John Saunders"]

1.d4 d5 2.Nf3 c5 3.c4 dxc4 4.d5 e6 5.Nc3 exd5 6.Qxd5 Qxd5 7.Nxd5 Na6 8.e4 
Ne7 9.Bxc4 Nxd5 10.exd5 Bd6 11.O-O O-O 12.Bxa6 bxa6 13.Nd2 Bf5 14.Nc4 Rfd8
15.Rd1 Bc2 16.Bg5 Bxd1 17.Bxd8 Be2 18.Nxd6 Rxd8 19.Ne4 Kf8 20.Re1 Bd3 21.
Nxc5 Rxd5 22.Nxd3 Rxd3 23.Kf1 Rd2 24.Re2 Rd1+ 1/2-1/2

[Event "2nd Oakham Young Masters"]
[Site "Oakham ENG"]
[Date "1986.04.02"]
[Round "1"]
[White "Horvath, Csaba"]
[Black "Shovel, Kenneth"]
[Result "1-0"]
[WhiteElo "2345"]
[BlackElo "2225"]
[EventDate "1986.04.02"]
[PlyCount "49"]
[Source "John Saunders"]

1.d4 Nf6 2.c4 e6 3.g3 d5 4.Nf3 dxc4 5.Bg2 a6 6.O-O b5 7.Ne5 Nd5 8.a4 Bb7 
9.b3 cxb3 10.axb5 axb5 11.Rxa8 Bxa8 12.Qxb3 c6 13.e4 Nf6 14.Nc3 Be7 15.d5 
exd5 16.exd5 cxd5 17.Qxb5+ Nbd7 18.Bh3 Qc7 19.Nxd7 Nxd7 20.Re1 Kd8 21.Nxd5
Bxd5 22.Qxd5 Qd6 23.Qxd6 Bxd6 24.Rd1 Ke7 25.Bxd7 1-0

[Event "2nd Oakham Young Masters"]
[Site "Oakham ENG"]
[Date "1986.04.02"]
[Round "1"]
[White "Walker, Susan"]
[Black "Schandorff, Lars"]
[Result "0-1"]
[WhiteElo "2220"]
[BlackElo "2335"]
[EventDate "1986.04.02"]
[PlyCount "146"]
[Source "John Saunders"]

1.e4 d5 2.exd5 Nf6 3.c4 c6 4.d4 cxd5 5.Nc3 e6 6.Nf3 Bb4 7.c5 Ne4 8.Bd2 
Bxc3 9.Bxc3 O-O 10.Qc2 b6 11.b4 Qe7 12.Bd3 a5 13.a3 Nxc3 14.Qxc3 e5 15.
dxe5 axb4 16.axb4 d4 17.Qb2 Rxa1+ 18.Qxa1 Nc6 19.O-O Nxb4 20.Qxd4 bxc5 21.
Qe4 g6 22.Bc4 Bb7 23.Qe2 Bxf3 24.gxf3 Nc6 25.e6 fxe6 26.Qxe6+ Qxe6 27.
Bxe6+ Kg7 28.Kg2 Nd4 29.Bd5 Rf5 30.Be4 Rg5+ 31.Kh1 Kf6 32.f4 Rg4 33.Rc1 
Ne2 34.f3 Rg2 35.Kxg2 Nxc1 36.Kf2 Nb3 37.Ke3 Nd4 38.Bd3 Ke7 39.Be4 Nf5+ 
40.Kd3 Nd6 41.Kc3 Kf6 42.Bc2 Nb5+ 43.Kd2 Ke6 44.Bd3 Nd4 45.Be4 Nf5 46.Kd3 
Nh4 47.Kc4 Kd6 48.Kd3 Nf5 49.Kc4 Ne7 50.Bb7 Ng8 51.Be4 Ne7 52.Bb7 Nc6 53.
Ba8 h6 54.Kd3 Nb4+ 55.Kc3 Nc6 56.Kd3 Nb4+ 57.Kc4 Nc2 58.Be4 Ne3+ 59.Kd3 
Nd5 60.f5 g5 61.Kc4 Nf6 62.Bd3 h5 63.Bf1 Nd7 64.Be2 h4 65.Bd1 Ne5+ 66.Kb5 
Kd5 67.f6 c4 68.Be2 c3 69.Bd1 Ke6 70.Kb4 c2 71.Bxc2 Nxf3 72.h3 Kxf6 73.Ba4
Ke5 0-1

[Event "2nd Oakham Young Masters"]
[Site "Oakham ENG"]
[Date "1986.04.02"]
[Round "1"]
[White "Rojas Sepulveda, Eduardo"]
[Black "Adler, Joel"]
[Result "1/2-1/2"]
[WhiteElo "2330"]
[BlackElo "2220"]
[EventDate "1986.04.02"]
[PlyCount "32"]
[Source "John Saunders"]

1.d4 Nf6 2.Nf3 c5 3.d5 d6 4.Nc3 g6 5.e4 Bg7 6.Be2 O-O 7.O-O Na6 8.Bf4 Nc7 
9.a4 a6 10.Nd2 Bd7 11.Bf3 b5 12.axb5 Nxb5 13.Nxb5 axb5 14.e5 Rxa1 15.Qxa1 
dxe5 16.Bxe5 Bf5 1/2-1/2

[Event "2nd Oakham Young Masters"]
[Site "Oakham ENG"]
[Date "1986.04.03"]
[Round "2"]
[White "Galego, Luis"]
[Black "Condie, Mark"]
[Result "1/2-1/2"]
[WhiteElo "2330"]
[BlackElo "2425"]
[EventDate "1986.04.02"]
[PlyCount "34"]
[Source "John Saunders"]

1.e4 c6 2.Nc3 d5 3.Qf3 e6 4.d4 dxe4 5.Qxe4 Nf6 6.Qd3 Nbd7 7.Nf3 Be7 8.Be2 
O-O 9.O-O b6 10.Bf4 Bb7 11.Ng5 c5 12.Bf3 cxd4 13.Qxd4 Qc8 14.Bxb7 Qxb7 15.
Bd6 Nc5 16.Bxe7 Qxe7 17.Rad1 h6 1/2-1/2

[Event "2nd Oakham Young Masters"]
[Site "Oakham ENG"]
[Date "1986.04.03"]
[Round "2"]
[White "Klinger, Josef"]
[Black "Carr, Neil"]
[Result "1-0"]
[WhiteElo "2445"]
[BlackElo "2295"]
[EventDate "1986.04.02"]
[PlyCount "67"]
[Source "John Saunders"]

1.e4 d6 2.d4 Nf6 3.Nc3 g6 4.g3 Bg7 5.Bg2 O-O 6.Nge2 e5 7.h3 c6 8.a4 d5 9.
exd5 exd4 10.Nxd4 Nxd5 11.Nxd5 cxd5 12.O-O Nc6 13.Be3 Qf6 14.c3 Be6 15.Qd2
Qe7 16.Rfe1 Qd7 17.Nxe6 fxe6 18.Bh6 Rae8 19.Bxg7 Qxg7 20.Re3 Ne5 21.b3 Rf5
22.g4 Rff8 23.Rae1 Qh6 24.Qe2 Nf7 25.Rxe6 Rd8 26.Qe3 Qh4 27.Re7 Qf6 28.Qd4
Qxd4 29.cxd4 Ng5 30.Rxb7 Nf3+ 31.Bxf3 Rxf3 32.Re3 Rf4 33.Ree7 Rxd4 34.Rg7+
1-0

[Event "2nd Oakham Young Masters"]
[Site "Oakham ENG"]
[Date "1986.04.03"]
[Round "2"]
[White "Palkovi, Jozsef"]
[Black "Wells, Peter"]
[Result "1-0"]
[WhiteElo "2320"]
[BlackElo "2400"]
[EventDate "1986.04.02"]
[PlyCount "89"]
[Source "John Saunders"]

1.e4 c6 2.d4 d5 3.Nd2 dxe4 4.Nxe4 Nd7 5.Bc4 Ngf6 6.Ng5 e6 7.Qe2 Nb6 8.Bd3 
h6 9.N5f3 c5 10.dxc5 Bxc5 11.Bd2 Qc7 12.O-O-O a6 13.Nh3 Na4 14.Bc4 b5 15.
Bb3 Bb7 16.Rhe1 O-O 17.g4 Ne4 18.g5 Nxd2 19.Rxd2 Bb4 20.gxh6 Bxf3 21.Qxf3 
Bxd2+ 22.Kxd2 Rfd8+ 23.Kc1 Qd7 24.Rg1 Qd2+ 25.Kb1 Qxh6 26.Ng5 Ra7 27.c3 
Nc5 28.Bc2 Rd5 29.Qg3 Rad7 30.Qb8+ Rd8 31.Qf4 Qh5 32.a3 f6 33.Nf3 Kf8 34.
Qc7 Qf7 35.Qg3 e5 36.Nh4 Rd2 37.Ng6+ Ke8 38.Nxe5 Qc7 39.Re1 Qe7 40.Qg6+ 
Kf8 41.Qf5 Qd6 42.Ng6+ Kg8 43.Ne7+ Kf8 44.Qh7 Qxe7 45.Qh8+ 1-0

[Event "2nd Oakham Young Masters"]
[Site "Oakham ENG"]
[Date "1986.04.03"]
[Round "2"]
[White "Kuczynski, Robert"]
[Black "Burgess, Mark"]
[Result "1/2-1/2"]
[WhiteElo "2410"]
[BlackElo "2270"]
[EventDate "1986.04.02"]
[PlyCount "66"]
[Source "John Saunders"]

1.e4 e6 2.d4 d5 3.Nd2 dxe4 4.Nxe4 Nd7 5.Nf3 Ngf6 6.Nxf6+ Nxf6 7.Bd3 c5 8.
dxc5 Bxc5 9.O-O h6 10.a3 O-O 11.b4 Be7 12.Bb2 b6 13.Qe2 Bb7 14.Rfd1 Qc7 
15.c4 Rac8 16.Rac1 Qc6 17.Qe3 Ng4 18.Qf4 Bf6 19.Bxf6 Nxf6 20.Bf1 Rfd8 21.
Rd4 Rxd4 22.Qxd4 Qc7 23.Be2 Kf8 24.Qe5 Ke7 25.Qxc7+ Rxc7 26.Nd2 Nd7 27.f4 
g5 28.g3 e5 29.fxe5 Nxe5 30.Kf2 Rd7 31.Ke3 f5 32.Nb3 Kf6 33.Rc3 Ng6 
1/2-1/2

[Event "2nd Oakham Young Masters"]
[Site "Oakham ENG"]
[Date "1986.04.03"]
[Round "2"]
[White "Dawson, Craig"]
[Black "Arlandi, Ennio"]
[Result "1/2-1/2"]
[WhiteElo "2275"]
[BlackElo "2360"]
[EventDate "1986.04.02"]
[PlyCount "52"]
[Source "John Saunders"]

1.c4 e6 2.g3 f5 3.Bg2 Nf6 4.d4 Be7 5.Nh3 O-O 6.O-O d5 7.Nd2 Nc6 8.cxd5 
exd5 9.Nb3 Nb4 10.Bg5 Ne4 11.Bxe7 Qxe7 12.a3 Na6 13.Nf4 c6 14.Nd3 Nc7 15.
Nbc5 Nxc5 16.Nxc5 f4 17.Qd2 Qd6 18.Nd3 fxg3 19.fxg3 Bf5 20.Ne5 Ne6 21.Rf2 
h6 22.Raf1 Be4 23.Rxf8+ Rxf8 24.Rxf8+ Qxf8 25.Bxe4 dxe4 26.Qe3 Qd6 1/2-1/2

[Event "2nd Oakham Young Masters"]
[Site "Oakham ENG"]
[Date "1986.04.03"]
[Round "2"]
[White "Shovel, Kenneth"]
[Black "Piket, Jeroen"]
[Result "1-0"]
[WhiteElo "2225"]
[BlackElo "2410"]
[EventDate "1986.04.02"]
[PlyCount "71"]
[Source "John Saunders"]

1.d4 Nf6 2.c4 g6 3.Nc3 Bg7 4.e4 d6 5.Nf3 O-O 6.h3 e5 7.d5 a5 8.g4 Na6 9.
Be3 Nc5 10.Nd2 b6 11.Be2 Ne8 12.Qc2 Bd7 13.O-O-O a4 14.h4 f5 15.gxf5 gxf5 
16.Rdg1 Kh8 17.h5 a3 18.b3 Na6 19.h6 Bf6 20.exf5 Nb4 21.Qe4 Be7 22.Qg4 Bf6
23.Nde4 Qe7 24.Rh5 c6 25.Nxf6 Qxf6 26.Rg5 Nc7 27.Ne4 Nxa2+ 28.Kd2 Qf7 29.
Rg7 Bxf5 30.Qg5 Bxe4 31.Rxf7 Rxf7 32.Bh5 Bg6 33.Bxg6 hxg6 34.Qxg6 Raf8 35.
Qxd6 Re8 36.Rg7 1-0

[Event "2nd Oakham Young Masters"]
[Site "Oakham ENG"]
[Date "1986.04.03"]
[Round "2"]
[White "Howell, James"]
[Black "Ludvigsen, Frode"]
[Result "1-0"]
[WhiteElo "2395"]
[BlackElo "2235"]
[EventDate "1986.04.02"]
[PlyCount "87"]
[Source "John Saunders"]

1.e4 e6 2.d4 d5 3.e5 c5 4.c3 Nc6 5.Nf3 Qb6 6.a3 c4 7.Nbd2 Na5 8.g3 Bd7 9.
h4 Ne7 10.Bh3 Nc8 11.O-O Qc7 12.h5 Be7 13.h6 g6 14.Nh2 Nb6 15.Ng4 O-O-O 
16.Qe2 Kb8 17.Rb1 Nb3 18.Nxb3 cxb3 19.Re1 a5 20.Bf1 Rdf8 21.Qf3 Bc6 22.Nf6
Nd7 23.Bg5 Qd8 24.Nxd7+ Qxd7 25.Qf4 Bxg5 26.Qxg5 a4 27.Re3 Qd8 28.Qg4 f5 
29.exf6 Qxf6 30.f4 Qf5 31.Qxf5 exf5 32.Re7 Re8 33.Rbe1 Kc8 34.R1e5 Kd8 35.
Rg7 Reg8 36.Ree7 Rxg7 37.Rxg7 Kc8 38.Kf2 Kd8 39.Kg2 Kc8 40.Kh3 Kd8 41.Kh4 
Re8 42.Rxh7 Re1 43.Bd3 Re3 44.Rg7 1-0

[Event "2nd Oakham Young Masters"]
[Site "Oakham ENG"]
[Date "1986.04.03"]
[Round "2"]
[White "Dunnington, Angus"]
[Black "Kuznecov, Alex"]
[Result "1/2-1/2"]
[WhiteElo "2250"]
[BlackElo "2350"]
[EventDate "1986.04.02"]
[PlyCount "50"]
[Source "John Saunders"]

1.e4 c5 2.f4 e6 3.Nf3 d5 4.Bb5+ Bd7 5.Bxd7+ Nxd7 6.d3 Ne7 7.O-O Nc6 8.Nc3 
Nf6 9.Ne5 Be7 10.Nxc6 bxc6 11.f5 O-O 12.fxe6 fxe6 13.Bf4 Qb6 14.Na4 Qa6 
15.b3 Rad8 16.e5 Nd7 17.Qg4 Rf5 18.Bh6 g6 19.Rxf5 exf5 20.Qg3 Qc8 21.Re1 
Re8 22.c4 Nb6 23.Nxb6 axb6 24.cxd5 cxd5 25.Bg5 Bxg5 1/2-1/2

[Event "2nd Oakham Young Masters"]
[Site "Oakham ENG"]
[Date "1986.04.03"]
[Round "2"]
[White "Horvath, Csaba"]
[Black "Foguenne, Marc"]
[Result "1-0"]
[WhiteElo "2345"]
[BlackElo "2250"]
[EventDate "1986.04.02"]
[PlyCount "71"]
[Source "John Saunders"]

1.d4 Nf6 2.c4 g6 3.Nf3 Bg7 4.g3 O-O 5.Bg2 d6 6.O-O Nc6 7.Nc3 a6 8.d5 Na5 
9.Nd2 c5 10.Rb1 Rb8 11.b3 b5 12.Bb2 bxc4 13.bxc4 Nd7 14.Qc2 Nb6 15.Nd1 
Bxb2 16.Nxb2 Bd7 17.f4 f6 18.e4 e5 19.Rf3 Nb7 20.f5 g5 21.g4 Kg7 22.h4 h6 
23.Kf2 Na8 24.Rh3 Rh8 25.Rbh1 Qb6 26.Nd3 Rbf8 27.Nf3 Nd8 28.hxg5 hxg5 29.
Nxg5 fxg5 30.Rxh8 Rxh8 31.f6+ Kg8 32.Qc1 Nf7 33.Rxh8+ Kxh8 34.Qh1+ Kg8 35.
Qh5 Bxg4 36.Qg6+ 1-0

[Event "2nd Oakham Young Masters"]
[Site "Oakham ENG"]
[Date "1986.04.03"]
[Round "2"]
[White "Pulkkinen, Kari"]
[Black "Rojas Sepulveda, Eduardo"]
[Result "1/2-1/2"]
[WhiteElo "2245"]
[BlackElo "2330"]
[EventDate "1986.04.02"]
[PlyCount "124"]
[Source "John Saunders"]

1.e4 c5 2.Nf3 e6 3.d4 cxd4 4.Nxd4 a6 5.Bd3 Nc6 6.Nxc6 bxc6 7.O-O d5 8.c4 
Nf6 9.Nc3 Be7 10.cxd5 cxd5 11.exd5 Nxd5 12.Be4 Bb7 13.Qa4+ Qd7 14.Qxd7+ 
Kxd7 15.Rd1 Bf6 16.Nxd5 Bxd5 17.Bxd5 exd5 18.Rxd5+ Ke6 19.Rd2 Rhd8 20.Re2+
Kf5 21.Be3 Rab8 22.Rb1 a5 23.g3 Kg6 24.Kg2 Rd5 25.Bf4 Rb7 26.Rd2 Rdb5 27.
b3 a4 28.Rd3 a3 29.Bc1 Be7 30.b4 Rxb4 31.Rxb4 Bxb4 32.Bxa3 Bxa3 33.Rxa3 
Rb2 34.Ra7 Kf6 35.a4 Ra2 36.a5 g6 37.Kf3 Ra3+ 38.Kg2 Ra2 39.Ra6+ Kg7 40.g4
h6 41.Kg3 Ra3+ 42.f3 Ra2 43.h3 Ra4 44.h4 Ra1 45.Ra8 Kf6 46.a6 Ra2 47.Kf4 
Ra4+ 48.Kg3 Ra3 49.Kf4 Ra4+ 50.Ke3 h5 51.g5+ Kf5 52.Rf8 Ra3+ 53.Kd4 Ra4+ 
54.Kc5 Rxa6 55.Rxf7+ Ke5 56.f4+ Ke4 57.Rf6 Ra1 58.Rxg6 Kxf4 59.Rh6 Kg4 60.
g6 Kxh4 61.g7 Rg1 62.Rh7 Rg6 1/2-1/2

[Event "2nd Oakham Young Masters"]
[Site "Oakham ENG"]
[Date "1986.04.03"]
[Round "2"]
[White "Nikolic, Nebojsa"]
[Black "Walker, Susan"]
[Result "1/2-1/2"]
[WhiteElo "2350"]
[BlackElo "2220"]
[EventDate "1986.04.02"]
[PlyCount "70"]
[Source "John Saunders"]

1.Nf3 d5 2.d4 Bf5 3.c4 c6 4.Nc3 e6 5.Qb3 Qb6 6.c5 Qxb3 7.axb3 Nd7 8.b4 a6 
9.b5 cxb5 10.Nxb5 Rc8 11.Nc3 Ngf6 12.b4 Be7 13.Bf4 O-O 14.e3 Nh5 15.Be2 
Nxf4 16.exf4 Be4 17.O-O Bxf3 18.Bxf3 Bf6 19.Rfd1 Nb8 20.Ne2 Nc6 21.Rab1 g6
22.g4 Rfe8 23.Kf1 Rb8 24.b5 axb5 25.Rxb5 Re7 26.Rb3 Ra8 27.Rbd3 Ra4 28.Kg2
Bg7 29.f5 g5 30.Kg3 Bf6 31.R1d2 Kg7 32.fxe6 fxe6 33.Bg2 Nb4 34.Rb3 Nc6 35.
Rbd3 Nb4 1/2-1/2

[Event "2nd Oakham Young Masters"]
[Site "Oakham ENG"]
[Date "1986.04.03"]
[Round "2"]
[White "Adler, Joel"]
[Black "McDonald, Neil R."]
[Result "0-1"]
[WhiteElo "2220"]
[BlackElo "2320"]
[EventDate "1986.04.02"]
[PlyCount "60"]
[Source "John Saunders"]

1.d4 Nf6 2.c4 g6 3.Nc3 Bg7 4.e4 d6 5.f3 O-O 6.Be3 Nbd7 7.Bd3 c5 8.Nge2 a6 
9.Qd2 e5 10.d5 Nh5 11.O-O-O b5 12.g4 Nf4 13.Nxf4 exf4 14.Bxf4 Ne5 15.Bxe5 
Bxe5 16.f4 Bg7 17.Rdg1 Rb8 18.h4 bxc4 19.Bb1 Qa5 20.h5 Bd7 21.hxg6 fxg6 
22.e5 dxe5 23.f5 e4 24.fxg6 Rxb2 25.Qxb2 Bxc3 26.gxh7+ Kh8 27.Qe2 Qa3+ 28.
Kd1 Ba4+ 29.Bc2 Qxa2 30.Bxa4 Qb1# 0-1

[Event "2nd Oakham Young Masters"]
[Site "Oakham ENG"]
[Date "1986.04.04"]
[Round "3"]
[White "Marin, Mihail"]
[Black "Klinger, Josef"]
[Result "1/2-1/2"]
[WhiteElo "2425"]
[BlackElo "2445"]
[EventDate "1986.04.02"]
[PlyCount "31"]
[Source "John Saunders"]

1.d4 d6 2.e4 g6 3.Nf3 Bg7 4.Be2 c5 5.d5 Nf6 6.Nc3 O-O 7.O-O Bg4 8.Nd2 Bxe2
9.Qxe2 Na6 10.Nc4 Nc7 11.a4 e6 12.Rd1 exd5 13.exd5 Re8 14.Qf3 Nd7 15.Ne4 
Qe7 16.Ncxd6 1/2-1/2

[Event "2nd Oakham Young Masters"]
[Site "Oakham ENG"]
[Date "1986.04.04"]
[Round "3"]
[White "Wells, Peter"]
[Black "Wolff, Patrick"]
[Result "1/2-1/2"]
[WhiteElo "2400"]
[BlackElo "2370"]
[EventDate "1986.04.02"]
[PlyCount "82"]
[Source "John Saunders"]

1.d4 Nf6 2.Nf3 g6 3.c4 Bg7 4.Nc3 d5 5.cxd5 Nxd5 6.e4 Nxc3 7.bxc3 c5 8.Rb1 
O-O 9.Be2 cxd4 10.cxd4 Qa5+ 11.Qd2 Qxd2+ 12.Bxd2 e6 13.O-O b6 14.Rfd1 Bb7 
15.d5 exd5 16.exd5 Nd7 17.Bb4 Rfc8 18.Be7 Bf8 19.d6 Bxe7 20.dxe7 Nf6 21.
Bb5 Kg7 22.Ne5 a6 23.Bd7 Rc7 24.g4 Be4 25.Rbc1 Rxc1 26.Rxc1 Nxd7 27.Nxd7 
Re8 28.Nxb6 Rxe7 29.Re1 Re6 30.Na4 Bd5 31.Rxe6 Bxe6 32.Nc5 Bc4 33.f4 Kf6 
34.Kf2 h6 35.a3 Ke7 36.Ke3 Bf1 37.h4 Kd6 38.Kd4 Kc6 39.Ne4 Bg2 40.Nf6 Bf3 
41.g5 hxg5 1/2-1/2

[Event "2nd Oakham Young Masters"]
[Site "Oakham ENG"]
[Date "1986.04.04"]
[Round "3"]
[White "Piket, Jeroen"]
[Black "Macfarlane, Donald"]
[Result "1-0"]
[WhiteElo "2410"]
[BlackElo "2360"]
[EventDate "1986.04.02"]
[PlyCount "71"]
[Source "John Saunders"]

1.d4 Nf6 2.c4 c5 3.d5 e5 4.Nc3 d6 5.e4 Be7 6.Nf3 O-O 7.Bd3 Nbd7 8.a3 a6 9.
O-O Ne8 10.b4 b6 11.Rb1 g6 12.Bh6 Ng7 13.Qd2 Nf6 14.h3 Kh8 15.Rb2 Ng8 16.
Bxg7+ Kxg7 17.bxc5 bxc5 18.Na4 Nf6 19.Nb6 Ra7 20.Rfb1 Nd7 21.Nxc8 Qxc8 22.
Bc2 Qc7 23.Ba4 Rb8 24.Rxb8 Nxb8 25.Qb2 Nd7 26.Bc6 Bd8 27.Ne1 Qa5 28.Nd3 f6
29.f4 Nb6 30.fxe5 fxe5 31.Nf4 Nd7 32.Ne6+ Kh6 33.Rf1 Bg5 34.Nxg5 Kxg5 35.
Qc1+ Kh5 36.g4+ 1-0

[Event "2nd Oakham Young Masters"]
[Site "Oakham ENG"]
[Date "1986.04.04"]
[Round "3"]
[White "Blatny, Pavel"]
[Black "Horvath, Csaba"]
[Result "0-1"]
[WhiteElo "2415"]
[BlackElo "2345"]
[EventDate "1986.04.02"]
[PlyCount "64"]
[Source "John Saunders"]

1.e4 c5 2.c3 d5 3.exd5 Qxd5 4.d4 Nf6 5.Nf3 Nc6 6.Be3 cxd4 7.cxd4 e6 8.Nc3 
Qd6 9.Rc1 Be7 10.Bd3 O-O 11.a3 Rd8 12.Bb1 e5 13.dxe5 Nxe5 14.Nd4 Neg4 15.
Qf3 Qe5 16.Nf5 Bc5 17.Nd1 Bxe3 18.Nfxe3 Bd7 19.Qg3 Qa5+ 20.Rc3 Nxe3 21.
fxe3 Bb5 22.b4 Qa6 23.Bf5 Rd6 24.Nb2 Rad8 25.a4 Rd2 26.Rc2 Rxc2 27.Bxc2 
Qc6 28.axb5 Qc3+ 29.Kf2 Qxc2+ 30.Kf3 Qxb2 31.Qc7 Re8 32.Qxb7 Qxb4 0-1